5HLuxD.jpg

KING HENRY VIII SENIOR AND PRIMARY SCHOOL LIBRARY OPAC

My morning time / (Record no. 2551)

000 -LEADER
fixed length control field 00719nam a2200253 a 4500
001 - CONTROL NUMBER
control field 015396882
003 - CONTROL NUMBER IDENTIFIER
control field UkOxU
005 - DATE AND TIME OF LATEST TRANSACTION
control field 20230713144119.0
008 - FIXED-LENGTH DATA ELEMENTS--GENERAL INFORMATION
fixed length control field 020622r20021997enk j 000 0 eng
020 ## - INTERNATIONAL STANDARD BOOK NUMBER
International Standard Book Number 9780749646806
035 ## - SYSTEM CONTROL NUMBER
System control number BNB2698.1784
040 ## - CATALOGING SOURCE
Transcribing agency OX/U-1
Modifying agency KH8
082 ## - DEWEY DECIMAL CLASSIFICATION NUMBER
Classification number 823.91 GOO
100 1# - MAIN ENTRY--PERSONAL NAME
Personal name Goodhart, Pippa.
Relator term Author
240 10 - UNIFORM TITLE
Uniform title Morning time
245 10 - TITLE STATEMENT
Title My morning time /
Statement of responsibility, etc. Pippa Goodhart & Brita Granström.
260 ## - PUBLICATION, DISTRIBUTION, ETC.
Place of publication, distribution, etc. London :
Name of publisher, distributor, etc. Watts,
Date of publication, distribution, etc. 2002.
300 ## - PHYSICAL DESCRIPTION
Extent [20] p. :
Other physical details chiefly col. ill. ;
Dimensions 22 cm.
500 ## - GENERAL NOTE
General note Originally published: as Morning time. 1997.
650 ## - SUBJECT ADDED ENTRY--TOPICAL TERM
Topical term or geographic name entry element children's stories
700 1# - ADDED ENTRY--PERSONAL NAME
Personal name Granström, Brita.
Relator term Author
830 #0 - SERIES ADDED ENTRY--UNIFORM TITLE
Uniform title Me and my world
942 ## - ADDED ENTRY ELEMENTS (KOHA)
Source of classification or shelving scheme
Koha item type Books
Holdings
Withdrawn status Lost status Source of classification or shelving scheme Damaged status Not for loan Collection code Permanent Location Current Location Shelving location Date acquired Total Checkouts Full call number Barcode Date due Date last seen Date last checked out Price effective from Koha item type
          Fiction KH8 Primary School Library KH8 Primary School Library Non Fiction 2023-07-13 15 823.91 GOO KHPL000004279 2026-04-21 2026-04-13 2026-04-13 2023-07-13 Books

Powered By KH8 IT Dept